Rubber and Plastics News (Record no. 12981)

MARC details
000 -LEADER
fixed length control field 00587nam a2200145Ia 4500
022 ## - INTERNATIONAL STANDARD SERIAL NUMBER
ISSN 0300-6123
245 #0 - TITLE STATEMENT
Title Rubber and Plastics News
260 ## - PUBLICATION, DISTRIBUTION, ETC. (IMPRINT)
Name of publisher Crain Communications, Akron
Place of publication USA
310 ## - CURRENT PUBLICATION FREQUENCY
Current publication frequency W
500 ## - GENERAL NOTE
General note Ending Volume & Year: , 1998
500 ## - GENERAL NOTE
General note Missing Volume: 1975(Apr-Dec);1978(Apr-Dec);1979(Jan,Maar,Sep);1980(Feb,Dec);1981(Aug,Nov,Dec);1982(Jan-Jun);1983(Sep-Dec);1984(Jan-Jul);1986(Sep-Dec);1990(Mar-Apr,Dec);1994(Jan-July);1995(July-Dec);check wi jl and add
500 ## - GENERAL NOTE
General note Starting Volume & Year: 1975
942 ## - ADDED ENTRY ELEMENTS (KOHA)
Koha item type Bound Journal
Holdings
Withdrawn status Lost status Damaged status Not for loan Home library Current library Date acquired Accession Number Koha item type
      Bound journals RRII Library RRII Library 31/12/2021 12825J Bound Journal